Dzielnice Gdyni wg zdjęć satelitarnych - Statystyki

Ogólne statystyki
  • Ten quiz został rozwiązany 52 razy
  • Średni wynik to 16 z 21
Statystyki odpowiedzi
Obrazkowy Odpowiedź % Poprawnych
Śródmieście
91%
Redłowo
89%
Babie Doły
83%
Grabówek
83%
Kamienna Góra
83%
Orłowo
83%
Witomino
83%
Oksywie
81%
Cisowa
79%
Pustki Cisowskie-Demptowo
79%
Chwarzno-Wiczlino
77%
Chylonia
77%
Mały Kack
77%
Wzgórze św. Maksymiliana
77%
Działki Leśne
72%
Obłuże
72%
Pogórze
72%
Dąbrowa
70%
Karwiny
70%
Leszczynki
70%
Wielki Kack
70%
Nie znaleziono quizów pasujących do podanych kryteriów
Rozkład punktacji
Procent ludzi z każdym wynikiem
Percentyl według liczby udzielonych odpowiedzi
Twoja historia wyników
Nie rozwiązałeś tego quizu